000 00379pab a2200145 454500
008 180718b2014 xxu||||| |||| 00| 0 eng d
100 _aRaju, R Satya
245 _aGlobal economy: sustainability of industry institute interface
260 _c2014
300 _ap.6-9.
362 _a29 Sep
650 _aIndustry and education
773 _aUniversity News
909 _a110188
999 _c110183
_d110183